Sunday preaching {ch}/ (Record no. 23341)
[ view plain ]
| 000 -LEADER | |
|---|---|
| fixed length control field | 00412nam a2200133 4500 |
| 008 - FIXED-LENGTH DATA ELEMENTS--GENERAL INFORMATION | |
| fixed length control field | 050517s1974 ch chi |
| 090 ## - LOCALLY ASSIGNED LC-TYPE CALL NUMBER (OCLC); LOCAL CALL NUMBER (OCLC) | |
| Classification number (OCLC) (R) ; Classification number, CALL (RLIN) (NR) | BV4254.C5 |
| Local cutter number (OCLC) ; Book number/undivided call number, CALL (RLIN) | T78s |
| 100 1# - MAIN ENTRY--PERSONAL NAME | |
| Personal name | Tsai, Chin-Ning |
| 245 10 - TITLE STATEMENT | |
| Title | Sunday preaching {ch}/ |
| Statement of responsibility, etc | Chin-Ning Tsai. |
| 260 ## - PUBLICATION, DISTRIBUTION, ETC. (IMPRINT) | |
| Place of publication, distribution, etc | Taipei : |
| Name of publisher, distributor, etc | Sian-Y Weekly Magazine, |
| Date of publication, distribution, etc | 1974. |
| 300 ## - PHYSICAL DESCRIPTION | |
| Extent | 189 p. |
| 650 #4 - SUBJECT ADDED ENTRY--TOPICAL TERM | |
| Topical term or geographic name as entry element | Sermons {ch}. |
| 951 ## - EQUIVALENCE OR CROSS-REFERENCE-GEOGRAPHIC NAME/AREA NAME [OBSOLETE] [CAN/MARC only] | |
| -- | C-6274 |
| -- | CHBV4254.C5/T78s |
| -- | 070613111455140 |
| -- | 2000-12-21 |
| -- | CH |
| Withdrawn status | Lost status | Damaged status | Not for loan | Home library | Current library | Shelving location | Date acquired | Accession number | Shelving control number | Total Checkouts | Full call number | Date last seen | Price effective from | Koha item type |
|---|---|---|---|---|---|---|---|---|---|---|---|---|---|---|
| BSOP Library | BSOP Library | Chinese Books (General Circulation) | 12/21/2000 | C-6274 | 127 | CHBV4254.C5/T78s | 02/23/2013 | 02/23/2013 | Books |
